Football: Top 10 buteurs des 5 grands championnats au 21ème siècle - Statistiques

Statistiques générales
  • Ce quiz a été pris 589 fois
  • Le résultat moyen est 30 sur 50
Statistiques - réponses
Nombre de buts Club Principal Nationalité % Correct
2. Cristiano Ronaldo 311 Real Madrid Portugal
98%
1. Harry Kane 213 Tottenham Angleterre
98%
1. Lionel Messi 474 Barcelone Argentine
97%
4. Mohamed Salah 175 Liverpool Egypte
97%
4. Antoine Griezmann 197 Atletico Madrid France
95%
10. Heung-Min Son 126 Tottenham Corée du Sud
95%
3. Karim Benzema 238 Real Madrid France
94%
6. Luis Suarez 176 Barcelone Uruguay
94%
3. Sergio Aguero 184 Manchester City Argentine
94%
7. Thierry Henry 158 Arsenal France
92%
1. Kylian Mbappé 191 Paris Saint-Germain France
91%
9. Samuel Eto'o 156 Barcelone Cameroun
88%
2. Wayne Rooney 208 Manchester United Angleterre
88%
9. Jamie Vardy 142 Leicester Angleterre
87%
7. Zlatan Ibrahimovic 156 AC Milan / Inter Milan Suède
87%
7. Zlatan Ibrahimovic 113 Paris Saint-Germain Suède
87%
1. Robert Lewandowski 312 Bayern Munich Pologne
86%
5. Edison Cavani 138 Paris Saint-Germain Uruguay
84%
3. Alexandre Lacazette 151 Olympique Lyonnais France
76%
8. Robin Van Persie 144 Manchester United Pays-Bas
73%
2. Francesco Totti 207 Rome Italie
72%
4. Pauleta 141 Paris Saint-Germain Portugal
71%
5. Thomas Muller 150 Bayern Munich Allemagne
69%
7. Iago Aspas 161 Celta Vigo Espagne
67%
6. Frank Lampard 160 Chelsea Angleterre
64%
10. Gonzalo Higuain 125 Naples / Juventus Argentine
64%
4. Marco Reus 156 Dortmund Allemagne
64%
3. Ciro Immobile 201 Lazio Rome Italie
61%
9. Paulo Dybala 128 Juventus Argentine
61%
9. Dimitri Payet 103 Olympique de Marseille France
53%
2. Wissam Ben Yedder 161 Monaco France
53%
8. Alessandro Del Piero 129 Juventus Italie
49%
6. Bafétimbi Gomis 122 Saint-Étienne / OlympiqueLyonnais France
47%
1. Antonio Di Natale 209 Udinese Italie
46%
5. David Villa 185 Valence Espagne
43%
8. André Pierre-Gignac 103 Olympique de Marseille France
40%
8. Andrej Kramaric 122 Hoffenheim Croatie
38%
8. Aritz Aduriz 158 Athletico Bilbao Espagne
38%
3. Mario Gomez 170 Stuttgart / Bayern Munich Allemagne
37%
9. Miroslav Klose 121 Werder Breme / BayernMunich Allemagne
35%
5. Fabio Quagliarella 182 Sampdoria Italie
30%
2. Claudio Pizarro 187 Bayern Munich /Werder Breme Pérou
26%
10. Jimmy Briand 102 Rennes / Olympique Lyonnais / Guingamp France
26%
6. Luca Toni 157 Palerme / Hellas Verone Italie
21%
5. Jermain Defoe 163 Tottenham Angleterre
16%
10. Roberto Soldado 129 Getafe / Valence Espagne
10%
6. Stefan Kiessling 144 Bayer Leverkusen Allemagne
9%
4. Alberto Gilardino 185 Parme / AC Milan /Fiorentina Italie
6%
7. Vedad Ibisevic 127 Hoffenheim / Herta Berlin Bosnie-Herségovine
6%
10. Kevin Kuranyi 111 Schalke 04 Allemagne
2%
Aucun quiz correspondant
Distribution des résultats
% des personnes avec chaque résultat
Percentile par nombre de réponses
Votre historique - résultats
Vous n’avez pas pris ce quiz